Doña Perfecta / (Record no. 161840)
[ view plain ]
| 000 -LEADER | |
|---|---|
| campo de control de longitud fija | 00579nam a2200169 i 4500 |
| 001 - NÚMERO DE CONTROL | |
| campo de control | 161840 |
| 003 - IDENTIFICADOR DE NÚMERO DE CONTROL | |
| campo de control | ES-MaACL |
| 005 - FECHA Y HORA DE LA ÚLTIMA TRANSACCIÓN | |
| campo de control | 20250804062624.0 |
| 008 - DATOS DE LONGITUD FIJA--INFORMACIÓN GENERAL | |
| campo de control de longitud fija | 041025s1876 sp |||| | spa d |
| 100 1# - ENTRADA PRINCIPAL--NOMBRE DE PERSONA | |
| Nombre de persona | Pérez Galdós, Benito, |
| Fechas asociadas al nombre | 1843-1920 |
| 9 (RLIN) | 90871 |
| 245 10 - MENCIÓN DEL TÍTULO | |
| Título | Doña Perfecta / |
| Mención de responsabilidad, etc. | Benito Pérez Galdós. |
| 260 ## - PUBLICACIÓN, DISTRIBUCIÓN, ETC. | |
| Lugar de publicación, distribución, etc. | Madrid : |
| Nombre del editor, distribuidor, etc. | [s.n.], |
| Fecha de publicación, distribución, etc. | 1876 ( |
| Fabricante | Imp. de J. Noguera, a cargo de M. Martínez) |
| 300 ## - DESCRIPCIÓN FÍSICA | |
| Extensión | 320 p. ; |
| Dimensiones | 17 cm. |
| 500 ## - NOTA GENERAL | |
| Nota general | Descripción tomada de Palau 220639. |
| 852 ## - LOCALIZACIÓN | |
| Ubicación | ES-MaACL |
| Número de control de estantería | B-2844 |
| Nota libre | - Enc. pasta |
| condición física | - Ejemp. falto de portada |
| Estatus retirado | Estado de pérdida | Estado de daño | No para préstamo | Colección | Biblioteca de origen | Biblioteca actual | Ubicación en estantería | Fecha de adquisición | Fuente de adquisición | Total de préstamos | Signatura topográfica completa | Código de barras | Visto por última vez | Precio de reemplazo | Tipo de ítem Koha |
|---|---|---|---|---|---|---|---|---|---|---|---|---|---|---|---|
| Libros del s. XIX | Biblioteca del Ateneo de Madrid | Biblioteca del Ateneo de Madrid | Sala Pardo Bazán | 17/01/2008 | B-2844 | 1169531 | 23/02/2023 | 23/02/2023 | Libro impreso antiguo |
